000 00400nam a2200133Ia 4500
005 20260328104303.0
008 260328s9999||||xx |||||||||||||| ||und||
100 _aGoldstein, Thomas
245 0 _aLos Albores de la Ciencia :
_b de los Arabes a Leonardo da Vinci /
_cThomas Goldstein
260 _bFondo Educativo Interamericano
300 _a257 p.
650 _aHISTORIA DE LA CIENCIA
942 _cBK
999 _c10657
_d10657